| 000 | 00659cam a22002172 4500 | ||
|---|---|---|---|
| 001 | 0000002314 | ||
| 005 | 20151217151849.0 | ||
| 008 | 070410s xx 000 0 eng d | ||
| 020 | _a8178089815 : | ||
| 040 |
_aKABU _cKABU |
||
| 050 | 0 |
_aHF5548.32 _b.N49 |
|
| 100 | 1 |
_aNewman, Robert C. _@0000151642 |
|
| 245 | 1 | 0 | _aEnterprise Security. |
| 260 |
_aDelhi : _bPearson Educ., _c2003. |
||
| 300 | _axiv, 513 p. | ||
| 650 | 0 |
_aElectronic commerce _xSecurity measures. _@0000151643 |
|
| 650 | 0 |
_aBusiness enterprise _xComputer network _xSecurity measures. _@0000151644 |
|
| 908 | _a070410 | ||
| 950 | _@1 | ||
| 999 |
_c5782 _d5782 |
||